[Event "23rd ETCC Women 2021"]
[Site "Catez"]
[Date "2021.11.13"]
[Round "2.28"]
[White "Barbier, Astrid"]
[Black "Ghukasyan, Siranush"]
[Result "0-1"]
[WhiteElo "1915"]
[BlackElo "2168"]
[Annotator "NA"]
[PlyCount "65"]
[EventDate "2021.11.08"]
[EventType "team-tourn"]
[EventCountry "SLO"]
[SourceTitle "playchess.com"]
[Source "ChessBase"]
[SourceQuality "1"]
[WhiteTeam "Belgium"]
[BlackTeam "Armenia"]
[WhiteTeamCountry "BEL"]
[BlackTeamCountry "ARM"]
[TimeControl "40/5400+30:1800+30"]

1. e4 {[%emt 0:00:02]} e5 {[%emt 0:00:05]} 2. Nf3 {[%emt 0:00:06]} Nc6 {
[%emt 0:00:05]} 3. Bb5 {[%emt 0:00:06]} a6 {[%emt 0:00:04]} 4. Ba4 {[%emt 0:00:
05]} Nf6 {[%emt 0:00:03]} 5. d3 {[%emt 0:00:07]} d6 {[%emt 0:00:05]} 6. c3 {
[%emt 0:00:15]} g6 {[%emt 0:00:05]} 7. O-O {[%emt 0:01:51]} Bg7 {[%emt 0:00:10]
} 8. Re1 {[%emt 0:01:32]} O-O {[%emt 0:00:09]} 9. Nbd2 {[%emt 0:05:37]} b5 {
[%emt 0:06:39]} 10. Bb3 {[%emt 0:02:20]} Na5 {[%emt 0:03:00]} 11. Bc2 {[%emt 0:
00:25]} c5 {[%emt 0:00:38]} 12. a4 {[%emt 0:02:38]} Bb7 {[%emt 0:01:02]} 13.
Nf1 {[%emt 0:05:17]} Qc7 {[%emt 0:01:28]} 14. Be3 {[%emt 0:06:46]} Nc6 {
[%emt 0:11:47]} 15. Ng3 {[%emt 0:03:53]} b4 {[%emt 0:12:42]} 16. h3 {[%emt 0:
09:18]} h6 {[%emt 0:02:30]} 17. Qd2 {[%emt 0:04:16]} Kh7 {[%emt 0:00:21]} 18.
Rac1 {[%emt 0:02:15]} Rad8 {[%emt 0:07:45]} 19. c4 {[%emt 0:05:21]} Ne7 {
[%emt 0:02:36]} 20. Nh2 {[%emt 0:08:25]} Nfg8 {[%emt 0:01:21]} 21. Bd1 {
[%emt 0:02:09]} f5 {[%emt 0:12:32]} 22. f4 {[%emt 0:05:17]} exf4 {[%emt 0:05:
11]} 23. Bxf4 {[%emt 0:00:18]} g5 {[%emt 0:04:10]} 24. exf5 {[%emt 0:06:37]}
gxf4 {[%emt 0:00:42]} 25. Nh5 {[%emt 0:03:33]} Bd4+ {[%emt 0:01:41]} 26. Kh1 {
[%emt 0:00:17]} Be3 {[%emt 0:05:13]} 27. Rxe3 {[%emt 0:01:22]} fxe3 {[%emt 0:
00:08]} 28. Qxe3 {[%emt 0:00:31]} Nxf5 {[%emt 0:00:17]} 29. Qd2 {[%emt 0:00:42]
} Qe7 {[%emt 0:00:45]} 30. Bg4 {[%emt 0:01:21]} Qg5 {[%emt 0:01:15]} 31. Qxg5 {
[%emt 0:04:00]} hxg5 {[%emt 0:00:04]} 32. Nf3 {[%emt 0:00:07]} Bxf3 {[%emt 0:
00:45]} 33. Bxf3 {[%emt 0:00:22]} 0-1

[Event "23rd ETCC Women 2021"]
[Site "Catez"]
[Date "2021.11.13"]
[Round "2.29"]
[White "Stojkovska, Monika"]
[Black "Brunello, Marina"]
[Result "1/2-1/2"]
[WhiteElo "2066"]
[BlackElo "2359"]
[Annotator "NA"]
[PlyCount "93"]
[EventDate "2021.11.08"]
[EventType "team-tourn"]
[EventCountry "SLO"]
[SourceTitle "playchess.com"]
[Source "ChessBase"]
[SourceQuality "1"]
[WhiteTeam "Macedonia"]
[BlackTeam "Italy"]
[WhiteTeamCountry "MKD"]
[BlackTeamCountry "ITA"]
[TimeControl "40/5400+30:1800+30"]

1. d4 {[%emt 0:00:09]} d5 {[%emt 0:00:12]} 2. c4 {[%emt 0:00:13]} c6 {[%emt 0:
00:04]} 3. cxd5 {[%emt 0:00:16]} cxd5 {[%emt 0:00:07]} 4. Bf4 {[%emt 0:00:27]}
Nf6 {[%emt 0:00:28]} 5. Nc3 {[%emt 0:00:15]} a6 {[%emt 0:00:00]} 6. e3 {
[%emt 0:00:26]} Nc6 {[%emt 0:01:08]} 7. Bd3 {[%emt 0:00:54]} Bg4 {[%emt 0:00:
52]} 8. Nge2 {[%emt 0:00:38]} e6 {[%emt 0:00:29]} 9. O-O {[%emt 0:00:18]} Be7 {
[%emt 0:01:22]} 10. f3 {[%emt 0:01:10]} Bh5 {[%emt 0:00:05]} 11. Rc1 {[%emt 0:
00:13]} O-O {[%emt 0:01:29]} 12. Na4 {[%emt 0:00:53]} Nd7 {[%emt 0:03:11]} 13.
Qb3 {[%emt 0:01:28]} Ra7 {[%emt 0:02:16]} 14. Bg3 {[%emt 0:01:21]} Bg6 {
[%emt 0:03:45]} 15. Nf4 {[%emt 0:00:51]} Na5 {[%emt 0:07:37]} 16. Qc2 {[%emt 0:
03:39]} Nc4 {[%emt 0:01:04]} 17. Qe2 {[%emt 0:16:11]} b5 {[%emt 0:10:41]} 18.
Nxg6 {[%emt 0:02:27]} hxg6 {[%emt 0:00:14]} 19. Nc3 {[%emt 0:01:14]} Ndb6 {
[%emt 0:03:48]} 20. b3 {[%emt 0:03:15]} Nd6 {[%emt 0:00:12]} 21. Qb2 {[%emt 0:
07:19]} Qd7 {[%emt 0:05:24]} 22. Ne2 {[%emt 0:09:55]} Raa8 {[%emt 0:08:32]} 23.
Rc2 {[%emt 0:05:10]} Rfc8 {[%emt 0:00:09]} 24. Rfc1 {[%emt 0:00:45]} Rxc2 {
[%emt 0:10:34]} 25. Rxc2 {[%emt 0:02:42]} b4 {[%emt 0:00:35]} 26. Qc1 {[%emt 0:
05:09]} Nb5 {[%emt 0:00:10]} 27. Bxb5 {[%emt 0:19:48]} axb5 {[%emt 0:01:09]}
28. Nf4 {[%emt 0:02:09]} Rc8 {[%emt 0:04:29]} 29. Nd3 {[%emt 0:02:35]} Rxc2 {
[%emt 0:09:41]} 30. Qxc2 {[%emt 0:00:11]} Nc8 {[%emt 0:00:21]} 31. Be1 {
[%emt 0:03:59]} Nd6 {[%emt 0:00:31]} 32. Bxb4 {[%emt 0:01:04]} Nf5 {[%emt 0:00:
12]} 33. Ne5 {[%emt 0:06:41]} Qb7 {[%emt 0:01:46]} 34. Bd2 {[%emt 0:00:45]} Bd6
{[%emt 0:02:52]} 35. Qc6 {[%emt 0:00:43]} Qb8 {[%emt 0:00:03]} 36. Ng4 {
[%emt 0:01:35]} b4 {[%emt 0:01:27]} 37. Qc2 {[%emt 0:01:29]} g5 {[%emt 0:00:39]
} 38. Qc1 {[%emt 0:00:36]} Nh4 {[%emt 0:01:02]} 39. Be1 {[%emt 0:00:31]} f5 {
[%emt 0:00:50]} 40. Bxh4 {[%emt 0:00:18]} gxh4 {[%emt 0:05:21]} 41. Nf2 {
[%emt 0:07:00]} Bxh2+ {[%emt 0:01:29]} 42. Kh1 {[%emt 0:04:34]} Bd6 {[%emt 0:
07:46]} 43. Qc6 {[%emt 0:01:13]} Qc7 {[%emt 0:04:39]} 44. Qe8+ {[%emt 0:08:25]}
Kh7 {[%emt 0:00:11]} 45. Qh5+ {[%emt 0:00:04]} Kg8 {[%emt 0:00:03]} 46. Qe8+ {
[%emt 0:00:04]} Kh7 {[%emt 0:00:02]} 47. Qh5+ {[%emt 0:00:04]} 1/2-1/2

[Event "23rd ETCC Women 2021"]
[Site "Catez"]
[Date "2021.11.13"]
[Round "2.30"]
[White "Sedina, Elena"]
[Black "Bejatovic, Bojana"]
[Result "1-0"]
[WhiteElo "2263"]
[BlackElo "2031"]
[Annotator "NA"]
[PlyCount "43"]
[EventDate "2021.11.08"]
[EventType "team-tourn"]
[EventCountry "SLO"]
[SourceTitle "playchess.com"]
[Source "ChessBase"]
[SourceQuality "1"]
[WhiteTeam "Italy"]
[BlackTeam "Macedonia"]
[WhiteTeamCountry "ITA"]
[BlackTeamCountry "MKD"]
[TimeControl "40/5400+30:1800+30"]

1. e4 {[%emt 0:00:05]} e5 {[%emt 0:00:05]} 2. Nf3 {[%emt 0:00:38]} Nf6 {
[%emt 0:00:06]} 3. Nxe5 {[%emt 0:02:22]} d6 {[%emt 0:00:07]} 4. Nf3 {[%emt 0:
00:43]} Nxe4 {[%emt 0:00:08]} 5. Bd3 {[%emt 0:03:16]} Nf6 {[%emt 0:01:57]} 6.
O-O {[%emt 0:00:31]} Be7 {[%emt 0:00:08]} 7. h3 {[%emt 0:02:06]} O-O {[%emt 0:
00:58]} 8. c3 {[%emt 0:04:10]} Nbd7 {[%emt 0:03:33]} 9. Bc2 {[%emt 0:05:11]}
Re8 {[%emt 0:03:21]} 10. Re1 {[%emt 0:08:12]} Nf8 {[%emt 0:01:51]} 11. d4 {
[%emt 0:02:02]} Ng6 {[%emt 0:02:32]} 12. Nbd2 {[%emt 0:11:02]} Nf4 {[%emt 0:14:
43]} 13. Nf1 {[%emt 0:10:21]} N6h5 {[%emt 0:05:52]} 14. Ng3 {[%emt 0:16:49]}
Qd7 {[%emt 0:14:17]} 15. Nxh5 {[%emt 0:07:19]} Nxg2 {[%emt 0:05:40]} 16. Qd3 {
[%emt 0:03:20]} g6 {[%emt 0:07:18]} 17. Rxe7 {[%emt 0:00:13]} Qxe7 {[%emt 0:00:
06]} 18. Bg5 {[%emt 0:02:39]} Qe6 {[%emt 0:02:37]} 19. Nf6+ {[%emt 0:01:32]}
Kh8 {[%emt 0:01:34]} 20. d5 {[%emt 0:06:11]} Qxh3 {[%emt 0:00:55]} 21. Nxe8 {
[%emt 0:00:17]} f6 {[%emt 0:02:04]} 22. Qd4 {[%emt 0:04:26]} 1-0

[Event "23rd ETCC Women 2021"]
[Site "Catez"]
[Date "2021.11.13"]
[Round "2.31"]
[White "Nikolovska, Dragana"]
[Black "Gueci, Tea"]
[Result "0-1"]
[WhiteElo "1877"]
[BlackElo "2242"]
[Annotator "NA"]
[PlyCount "74"]
[EventDate "2021.11.08"]
[EventType "team-tourn"]
[EventCountry "SLO"]
[SourceTitle "playchess.com"]
[Source "ChessBase"]
[SourceQuality "1"]
[WhiteTeam "Macedonia"]
[BlackTeam "Italy"]
[WhiteTeamCountry "MKD"]
[BlackTeamCountry "ITA"]
[TimeControl "40/5400+30:1800+30"]

1. e4 {[%emt 0:00:09]} c5 {[%emt 0:00:04]} 2. c3 {[%emt 0:00:05]} d5 {[%emt 0:
00:03]} 3. exd5 {[%emt 0:00:14]} Qxd5 {[%emt 0:00:05]} 4. d4 {[%emt 0:00:21]}
Nc6 {[%emt 0:00:16]} 5. Nf3 {[%emt 0:04:17]} Bf5 {[%emt 0:00:14]} 6. Na3 {
[%emt 0:01:56]} cxd4 {[%emt 0:02:30]} 7. cxd4 {[%emt 0:01:26]} e6 {[%emt 0:08:
37]} 8. Nb5 {[%emt 0:32:20]} O-O-O {[%emt 0:04:29]} 9. Be2 {[%emt 0:11:01]} a6
{[%emt 0:07:37]} 10. Nc3 {[%emt 0:04:03]} Bb4 {[%emt 0:02:58]} 11. O-O {
[%emt 0:02:25]} Qa5 {[%emt 0:06:45]} 12. Bf4 {[%emt 0:05:11]} Nge7 {[%emt 0:06:
54]} 13. Rc1 {[%emt 0:05:05]} f6 {[%emt 0:07:09]} 14. Qb3 {[%emt 0:11:26]} g5 {
[%emt 0:03:12]} 15. Bg3 {[%emt 0:02:44]} Bd6 {[%emt 0:16:06]} 16. Bxd6 {
[%emt 0:10:37]} Rxd6 {[%emt 0:00:04]} 17. Na4 {[%emt 0:00:28]} Kb8 {[%emt 0:01:
44]} 18. a3 {[%emt 0:02:29]} Qd8 {[%emt 0:09:21]} 19. Nc5 {[%emt 0:02:38]} Na5
{[%emt 0:00:49]} 20. Qc3 {[%emt 0:01:02]} Nd5 {[%emt 0:04:17]} 21. Qe1 {
[%emt 0:00:28]} Nc6 {[%emt 0:03:04]} 22. b4 {[%emt 0:00:33]} g4 {[%emt 0:01:37]
} 23. Nd2 {[%emt 0:00:21]} Nxd4 {[%emt 0:00:27]} 24. Nc4 {[%emt 0:00:33]} Nf4 {
[%emt 0:01:02]} 25. Bd1 {[%emt 0:00:31]} Rd5 {[%emt 0:03:29]} 26. a4 {[%emt 0:
00:35]} Nd3 {[%emt 0:03:58]} 27. Qe3 {[%emt 0:00:27]} Nxc1 {[%emt 0:02:08]} 28.
Qxc1 {[%emt 0:00:04]} Rg8 {[%emt 0:04:16]} 29. Na5 {[%emt 0:00:54]} Rxc5 {
[%emt 0:01:00]} 30. Qxc5 {[%emt 0:00:16]} Qd5 {[%emt 0:00:13]} 31. Qxd5 {
[%emt 0:00:48]} exd5 {[%emt 0:00:01]} 32. Nb3 {[%emt 0:00:28]} Nc6 {[%emt 0:01:
02]} 33. b5 {[%emt 0:00:33]} axb5 {[%emt 0:00:11]} 34. axb5 {[%emt 0:00:03]}
Ne5 {[%emt 0:00:25]} 35. Re1 {[%emt 0:00:40]} Rc8 {[%emt 0:00:47]} 36. Nd4 {
[%emt 0:00:24]} Bd3 {[%emt 0:00:34]} 37. Bb3 {[%emt 0:00:50]} Be4 {[%emt 0:00:
31]} 0-1

[Event "23rd ETCC Women 2021"]
[Site "Catez"]
[Date "2021.11.13"]
[Round "2.32"]
[White "Movileanu, Daniela"]
[Black "Manova, Ivana"]
[Result "0-1"]
[WhiteElo "2214"]
[BlackElo "1809"]
[Annotator "ChessBase"]
[PlyCount "110"]
[EventDate "2021.11.08"]
[EventType "team-tourn"]
[EventCountry "SLO"]
[SourceTitle "playchess.com"]
[Source "ChessBase"]
[SourceQuality "1"]
[WhiteTeam "Italy"]
[BlackTeam "Macedonia"]
[WhiteTeamCountry "ITA"]
[BlackTeamCountry "MKD"]
[TimeControl "40/5400+30:1800+30"]

1. e4 {[%emt 0:00:05]} e5 {[%emt 0:00:11]} 2. Nf3 {[%emt 0:00:14]} Nc6 {
[%emt 0:00:07]} 3. Bb5 {[%emt 0:00:17]} a6 {[%emt 0:00:10]} 4. Ba4 {[%emt 0:00:
11]} Nf6 {[%emt 0:00:25]} 5. O-O {[%emt 0:00:16]} Be7 {[%emt 0:00:31]} 6. Re1 {
[%emt 0:00:47]} b5 {[%emt 0:00:35]} 7. Bb3 {[%emt 0:00:06]} d6 {[%emt 0:00:35]}
8. c3 {[%emt 0:03:03]} O-O {[%emt 0:00:56]} 9. d4 {[%emt 0:00:13]} Bg4 {
[%emt 0:01:37]} 10. d5 {[%emt 0:02:59]} Na5 {[%emt 0:01:25]} 11. Bc2 {[%emt 0:
00:39]} Qc8 {[%emt 0:00:59]} 12. h3 {[%emt 0:01:30]} Bd7 {[%emt 0:00:13]} 13.
Nbd2 {[%emt 0:02:21]} c6 {[%emt 0:01:09]} 14. dxc6 {[%emt 0:01:25]} Qxc6 {
[%emt 0:00:23]} 15. Nf1 {[%emt 0:01:35]} Rfc8 {[%emt 0:05:22]} 16. Bb1 {
[%emt 0:17:46]} Nb7 {[%emt 0:07:49]} 17. Ng3 {[%emt 0:03:19]} g6 {[%emt 0:04:
01]} 18. Bg5 {[%emt 0:03:25]} Nc5 {[%emt 0:04:31]} 19. Nh2 {[%emt 0:13:14]} Ne6
{[%emt 0:08:29]} 20. Bh6 {[%emt 0:03:36]} a5 {[%emt 0:16:25]} 21. a3 {[%emt 0:
01:48]} Qb7 {[%emt 0:11:18]} 22. Bd2 {[%emt 0:22:41]} Nc5 {[%emt 0:08:22]} 23.
Bc2 {[%emt 0:02:41]} Be6 {[%emt 0:02:49]} 24. Bg5 {[%emt 0:08:21]} Ra6 {
[%emt 0:01:01]} 25. Qf3 {[%emt 0:00:49]} Ne8 {[%emt 0:05:09]} 26. Bxe7 {
[%emt 0:00:19]} Qxe7 {[%emt 0:00:05]} 27. Ng4 {[%emt 0:00:29]} Bxg4 {[%emt 0:
03:50]} 28. Qxg4 {[%emt 0:00:09]} Ne6 {[%emt 0:11:01]} 29. Nf5 {[%emt 0:02:17]}
Qf8 {[%emt 0:01:34]} 30. Ne3 {[%emt 0:01:07]} Nf6 {[%emt 0:02:11]} 31. Qe2 {
[%emt 0:00:06]} Rb6 {[%emt 0:01:19]} 32. g3 {[%emt 0:00:41]} Nc5 {[%emt 0:00:
46]} 33. Red1 {[%emt 0:03:20]} Qe8 {[%emt 0:00:50]} 34. Nd5 {[%emt 0:02:08]}
Nxd5 {[%emt 0:00:13]} 35. Rxd5 {[%emt 0:00:04]} b4 {[%emt 0:00:46]} 36. axb4 {
[%emt 0:03:07]} axb4 {[%emt 0:00:04]} 37. cxb4 {[%emt 0:00:33]} Rxb4 {[%emt 0:
00:14]} 38. Rxd6 {[%emt 0:00:26]} Rxb2 {[%emt 0:00:48]} 39. Qd1 {[%emt 0:00:21]
} Ne6 {[%emt 0:00:55]} 40. Ba4 {[%emt 0:00:26]} Qe7 {[%emt 0:00:44]} 41. Rd2 {
[%emt 0:07:39]} Rxd2 {[%emt 0:04:19]} 42. Qxd2 {[%emt 0:00:05]} Nd4 {[%emt 0:
00:10]} 43. Bd1 {[%emt 0:00:15]} Qb7 {[%emt 0:01:19]} 44. Qd3 {[%emt 0:04:21]}
Qb4 {[%emt 0:03:55]} 45. Bg4 {[%emt 0:06:09]} Rc2 {[%emt 0:10:48]} 46. Qa6 {
[%emt 0:02:48]} Kg7 {[%emt 0:04:07]} 47. Qa8 {[%emt 0:07:09]} Qd2 {[%emt 0:02:
22]} 48. Rf1 {[%emt 0:00:12]} h5 {[%emt 0:01:43]} 49. Bd1 {[%emt 0:03:26]} Rc1
{[%emt 0:01:49]} 50. Qa4 {[%emt 0:03:07]} Qd3 {[%emt 0:00:37]} 51. Qa5 {
[%emt 0:01:12]} Nf3+ {[%emt 0:02:01]} 52. Kg2 {[%emt 0:00:20]} Rxd1 {[%emt 0:
00:08]} 53. Rxd1 {[%emt 0:00:06]} Qxd1 {[%emt 0:00:07]} 54. Qc3 {[%emt 0:01:06]
} Ne1+ {[%emt 0:00:21]} 55. Kh2 {[%emt 0:00:22]} Nd3 {[%emt 0:00:19]} 0-1

[Event "23rd ETCC Women 2021"]
[Site "Catez"]
[Date "2021.11.13"]
[Round "2.33"]
[White "Zaksaite, Salomeja"]
[Black "Sebag, Marie"]
[Result "0-1"]
[WhiteElo "2250"]
[BlackElo "2447"]
[Annotator "NA"]
[PlyCount "88"]
[EventDate "2021.11.08"]
[EventType "team-tourn"]
[EventCountry "SLO"]
[SourceTitle "playchess.com"]
[Source "ChessBase"]
[SourceQuality "1"]
[WhiteTeam "Lithuania"]
[BlackTeam "France"]
[WhiteTeamCountry "LTU"]
[BlackTeamCountry "FRA"]
[TimeControl "40/5400+30:1800+30"]

1. e4 {[%emt 0:00:02]} c5 {[%emt 0:00:09]} 2. Nf3 {[%emt 0:00:14]} d6 {[%emt 0:
00:10]} 3. d4 {[%emt 0:00:10]} cxd4 {[%emt 0:00:08]} 4. Nxd4 {[%emt 0:00:04]}
Nf6 {[%emt 0:00:08]} 5. Nc3 {[%emt 0:00:03]} a6 {[%emt 0:00:04]} 6. Bc4 {
[%emt 0:01:17]} e6 {[%emt 0:00:10]} 7. O-O {[%emt 0:00:57]} Be7 {[%emt 0:00:28]
} 8. a4 {[%emt 0:00:07]} O-O {[%emt 0:04:35]} 9. Qe2 {[%emt 0:02:24]} Bd7 {
[%emt 0:13:43]} 10. Be3 {[%emt 0:01:22]} Nc6 {[%emt 0:04:37]} 11. Rad1 {
[%emt 0:02:26]} Qa5 {[%emt 0:05:46]} 12. f4 {[%emt 0:13:35]} Rac8 {[%emt 0:08:
05]} 13. Nb3 {[%emt 0:01:23]} Qc7 {[%emt 0:06:27]} 14. Bd3 {[%emt 0:01:07]} Nb4
{[%emt 0:11:18]} 15. Kh1 {[%emt 0:12:00]} Nxd3 {[%emt 0:04:42]} 16. cxd3 {
[%emt 0:00:04]} b5 {[%emt 0:00:39]} 17. axb5 {[%emt 0:02:08]} axb5 {[%emt 0:00:
11]} 18. Rc1 {[%emt 0:01:44]} Qb8 {[%emt 0:02:07]} 19. Nb1 {[%emt 0:25:18]} e5
{[%emt 0:11:55]} 20. fxe5 {[%emt 0:01:19]} dxe5 {[%emt 0:00:19]} 21. Nc5 {
[%emt 0:00:45]} Bg4 {[%emt 0:04:37]} 22. Qf2 {[%emt 0:02:37]} Rfd8 {[%emt 0:03:
07]} 23. Qg3 {[%emt 0:03:18]} Be2 {[%emt 0:03:53]} 24. Rfe1 {[%emt 0:13:26]}
Bxc5 {[%emt 0:04:25]} 25. Bxc5 {[%emt 0:00:57]} Rxd3 {[%emt 0:01:11]} 26. Qf2 {
[%emt 0:03:49]} Bh5 {[%emt 0:00:11]} 27. b4 {[%emt 0:01:33]} Bg6 {[%emt 0:01:
12]} 28. Qh4 {[%emt 0:02:14]} h6 {[%emt 0:01:20]} 29. Rc3 {[%emt 0:01:31]} Rxc3
{[%emt 0:02:07]} 30. Nxc3 {[%emt 0:00:03]} Qb7 {[%emt 0:00:12]} 31. Qh3 {
[%emt 0:02:21]} Rd8 {[%emt 0:02:48]} 32. Qe3 {[%emt 0:00:42]} Qc6 {[%emt 0:02:
37]} 33. Qe2 {[%emt 0:00:51]} Rb8 {[%emt 0:00:11]} 34. Qd3 {[%emt 0:01:23]} Kh7
{[%emt 0:00:58]} 35. Nd5 {[%emt 0:01:29]} Nxe4 {[%emt 0:01:16]} 36. Rxe4 {
[%emt 0:00:57]} Rd8 {[%emt 0:00:11]} 37. Qe2 {[%emt 0:02:32]} Bxe4 {[%emt 0:01:
54]} 38. Qxe4+ {[%emt 0:00:03]} Kh8 {[%emt 0:00:07]} 39. Nc3 {[%emt 0:00:46]}
Rd1+ {[%emt 0:00:07]} 40. Bg1 {[%emt 0:00:05]} Qxc3 {[%emt 0:00:15]} 41. Qa8+ {
[%emt 0:30:34]} Kh7 {[%emt 0:30:04]} 42. Qe4+ {[%emt 0:00:08]} g6 {[%emt 0:00:
04]} 43. Qb7 {[%emt 0:00:07]} Rxg1+ {[%emt 0:00:07]} 44. Kxg1 {[%emt 0:00:03]}
Qe1# {[%emt 0:00:03]} 0-1

[Event "23rd ETCC Women 2021"]
[Site "Catez"]
[Date "2021.11.13"]
[Round "2.34"]
[White "Guichard, Pauline"]
[Black "Baginskaite, Kamile"]
[Result "1-0"]
[WhiteElo "2409"]
[BlackElo "2100"]
[Annotator "NA"]
[PlyCount "69"]
[EventDate "2021.11.08"]
[EventType "team-tourn"]
[EventCountry "SLO"]
[SourceTitle "playchess.com"]
[Source "ChessBase"]
[SourceQuality "1"]
[WhiteTeam "France"]
[BlackTeam "Lithuania"]
[WhiteTeamCountry "FRA"]
[BlackTeamCountry "LTU"]
[TimeControl "40/5400+30:1800+30"]

1. d4 {[%emt 0:00:04]} Nf6 {[%emt 0:00:16]} 2. c4 {[%emt 0:00:06]} e6 {[%emt 0:
00:27]} 3. Nf3 {[%emt 0:00:08]} d5 {[%emt 0:00:59]} 4. Nc3 {[%emt 0:00:12]} Bb4
{[%emt 0:00:53]} 5. cxd5 {[%emt 0:00:22]} exd5 {[%emt 0:05:14]} 6. Bg5 {
[%emt 0:00:08]} Nbd7 {[%emt 0:01:30]} 7. Qc2 {[%emt 0:01:20]} c5 {[%emt 0:26:
25]} 8. dxc5 {[%emt 0:01:10]} Qa5 {[%emt 0:00:46]} 9. Bd2 {[%emt 0:00:55]} Bxc5
{[%emt 0:20:57]} 10. e3 {[%emt 0:05:04]} Qd8 {[%emt 0:03:30]} 11. Be2 {[%emt 0:
05:37]} O-O {[%emt 0:00:08]} 12. O-O {[%emt 0:00:17]} a6 {[%emt 0:00:13]} 13.
Rfd1 {[%emt 0:03:10]} b5 {[%emt 0:01:53]} 14. Be1 {[%emt 0:11:55]} Bb7 {
[%emt 0:00:21]} 15. Nd4 {[%emt 0:10:18]} Rc8 {[%emt 0:02:44]} 16. Qf5 {[%emt 0:
01:13]} Re8 {[%emt 0:03:11]} 17. Nb3 {[%emt 0:04:04]} Ba7 {[%emt 0:09:47]} 18.
Bf3 {[%emt 0:01:33]} Re5 {[%emt 0:00:57]} 19. Qh3 {[%emt 0:05:32]} Nb6 {
[%emt 0:04:07]} 20. Nc1 {[%emt 0:09:10]} Qe8 {[%emt 0:00:54]} 21. Nd3 {[%emt 0:
00:48]} Re7 {[%emt 0:00:08]} 22. Nf4 {[%emt 0:05:15]} Rd8 {[%emt 0:00:19]} 23.
Nce2 {[%emt 0:01:38]} Nc4 {[%emt 0:02:12]} 24. Bc3 {[%emt 0:01:02]} Ne5 {
[%emt 0:02:13]} 25. Nd4 {[%emt 0:03:34]} Bc8 {[%emt 0:01:32]} 26. Qh4 {[%emt 0:
02:37]} Bb6 {[%emt 0:01:10]} 27. Rac1 {[%emt 0:02:47]} Rc7 {[%emt 0:04:08]} 28.
Nb3 {[%emt 0:06:40]} Bf5 {[%emt 0:01:18]} 29. Qg5 {[%emt 0:06:25]} Nxf3+ {
[%emt 0:01:39]} 30. gxf3 {[%emt 0:00:04]} d4 {[%emt 0:00:06]} 31. Nxd4 {
[%emt 0:03:09]} Bg6 {[%emt 0:00:42]} 32. Nf5 {[%emt 0:00:59]} Rxd1+ {[%emt 0:
04:41]} 33. Rxd1 {[%emt 0:00:06]} Rc6 {[%emt 0:00:12]} 34. Nxg7 {[%emt 0:01:23]
} Kxg7 {[%emt 0:01:22]} 35. Nh5+ {[%emt 0:00:55]} 1-0

[Event "23rd ETCC Women 2021"]
[Site "Catez"]
[Date "2021.11.13"]
[Round "2.35"]
[White "Simkunaite, Gabija"]
[Black "Benmesbah, Natacha"]
[Result "1-0"]
[WhiteElo "1962"]
[BlackElo "2256"]
[Annotator "NA"]
[PlyCount "89"]
[EventDate "2021.11.08"]
[EventType "team-tourn"]
[EventCountry "SLO"]
[SourceTitle "playchess.com"]
[Source "ChessBase"]
[SourceQuality "1"]
[WhiteTeam "Lithuania"]
[BlackTeam "France"]
[WhiteTeamCountry "LTU"]
[BlackTeamCountry "FRA"]
[TimeControl "40/5400+30:1800+30"]

1. e4 {[%emt 0:00:12]} d6 {[%emt 0:00:04]} 2. d4 {[%emt 0:00:16]} Nf6 {[%emt 0:
00:04]} 3. Nc3 {[%emt 0:00:26]} e5 {[%emt 0:00:07]} 4. a4 {[%emt 0:05:26]} Be7
{[%emt 0:09:17]} 5. h3 {[%emt 0:08:09]} O-O {[%emt 0:03:26]} 6. Nf3 {[%emt 0:
01:58]} exd4 {[%emt 0:07:26]} 7. Nxd4 {[%emt 0:02:24]} d5 {[%emt 0:03:51]} 8.
e5 {[%emt 0:08:54]} Ne8 {[%emt 0:01:09]} 9. Be2 {[%emt 0:09:54]} c5 {[%emt 0:
01:54]} 10. Nf3 {[%emt 0:00:59]} Nc7 {[%emt 0:02:34]} 11. O-O {[%emt 0:05:11]}
Nc6 {[%emt 0:03:09]} 12. Bf4 {[%emt 0:06:00]} a6 {[%emt 0:05:38]} 13. Qd2 {
[%emt 0:06:05]} Nb4 {[%emt 0:03:50]} 14. Nd1 {[%emt 0:04:42]} d4 {[%emt 0:05:
46]} 15. Bd3 {[%emt 0:07:01]} Nxd3 {[%emt 0:07:34]} 16. Qxd3 {[%emt 0:02:13]}
Ne6 {[%emt 0:01:34]} 17. Bg3 {[%emt 0:02:57]} Bd7 {[%emt 0:01:41]} 18. b3 {
[%emt 0:04:40]} b5 {[%emt 0:00:24]} 19. Qe4 {[%emt 0:03:08]} bxa4 {[%emt 0:03:
17]} 20. bxa4 {[%emt 0:00:10]} Rb8 {[%emt 0:00:42]} 21. c3 {[%emt 0:02:37]} Qc8
{[%emt 0:07:18]} 22. cxd4 {[%emt 0:03:24]} cxd4 {[%emt 0:00:42]} 23. Nh4 {
[%emt 0:03:37]} g6 {[%emt 0:01:51]} 24. Qe2 {[%emt 0:01:58]} Rb3 {[%emt 0:04:
12]} 25. Nf3 {[%emt 0:02:24]} Bc6 {[%emt 0:02:08]} 26. Nd2 {[%emt 0:04:03]} Rb4
{[%emt 0:00:17]} 27. Re1 {[%emt 0:01:57]} Qb7 {[%emt 0:03:45]} 28. f3 {[%emt 0:
01:01]} Rd8 {[%emt 0:01:23]} 29. Nf2 {[%emt 0:01:03]} Bxa4 {[%emt 0:04:27]} 30.
Nfe4 {[%emt 0:00:49]} Bb5 {[%emt 0:00:47]} 31. Qd1 {[%emt 0:00:42]} Ng7 {
[%emt 0:01:38]} 32. Nd6 {[%emt 0:01:04]} Bxd6 {[%emt 0:03:30]} 33. exd6 {
[%emt 0:00:01]} Nf5 {[%emt 0:00:13]} 34. Be5 {[%emt 0:01:02]} Nxd6 {[%emt 0:00:
32]} 35. Qc1 {[%emt 0:00:49]} Rc8 {[%emt 0:03:38]} 36. Qa3 {[%emt 0:00:19]} Bd7
{[%emt 0:05:53]} 37. Bxd6 {[%emt 0:00:20]} Rb2 {[%emt 0:00:03]} 38. Rab1 {
[%emt 0:00:44]} Rcc2 {[%emt 0:00:19]} 39. Rxb2 {[%emt 0:00:28]} Rxb2 {[%emt 0:
00:10]} 40. Ne4 {[%emt 0:00:35]} Be6 {[%emt 0:01:00]} 41. Nf6+ {[%emt 0:02:41]}
Kg7 {[%emt 0:01:48]} 42. Be5 {[%emt 0:02:35]} g5 {[%emt 0:01:22]} 43. Qd3 {
[%emt 0:02:12]} Qc6 {[%emt 0:01:03]} 44. Nxh7+ {[%emt 0:04:37]} Kh6 {[%emt 0:
00:18]} 45. Nf8 {[%emt 0:04:30]} 1-0